[Event "Tabor op"]
[Site "Tabor"]
[Date "2012.08.05"]
[Round "9"]
[White "Paulik, Vaclav"]
[Black "Simon, Jan"]
[Result "1-0"]
[WhiteElo "1878"]
[BlackElo "1636"]
[PlyCount "79"]
[EventDate "2012.07.29"]
[EventType "swiss"]
[EventRounds "9"]
[EventCountry "CZE"]
[SourceTitle "EXT 2013"]
[Source "ChessBase"]
[SourceDate "2012.11.22"]
[SourceVersion "1"]
[SourceVersionDate "2012.11.22"]
[SourceQuality "1"]

1. e4 c5 2. d4 cxd4 3. c3 d3 4. Bxd3 Nc6 5. Nf3 d6 6. 0-0 Nf6 7. h3 g6 8. Qe2 Nd7 9. Bb5 Bg7 10. Rd1 Qc7 11. Bf4 0-0 12. Na3 Nde5 13. Nd4 Bd7 14. Rac1 Rac8 15. Qd2 Qb6 16. Be3 Qc7 17. f4 Bxh3 18. fxe5 dxe5 19. Nxc6 bxc6 20. Be2 Be6 21. b3 Rfd8 22. Qc2 f5 23. Rxd8+ Rxd8 24. Bc4 Bxc4 25. Nxc4 e6 26. Rd1 Rf8 27. Bc5 Rf7 28. Bd6 Qb7 29. Nxe5 Bxe5 30. Bxe5 Qb6+ 31. Qf2 fxe4 32. Qxb6 axb6 33. Rd8+ Rf8 34. Rxf8+ Kxf8 35. Kf2 Kf7 36. Ke3 g5 37. Kxe4 Kg6 38. g4 h5 39. gxh5+ Kxh5 40. a4 1-0

[Event "Tabor op"]
[Site "Tabor"]
[Date "2010.08.06"]
[Round "7"]
[White "Uhmann, Jan Jr"]
[Black "Simon, Jan"]
[Result "1-0"]
[WhiteElo "1989"]
[BlackElo "1483"]
[PlyCount "67"]
[EventDate "2010.08.01"]
[EventType "swiss"]
[EventRounds "9"]
[EventCountry "CZE"]
[SourceTitle "EXT 2012"]
[Source "ChessBase"]
[SourceDate "2011.11.24"]
[SourceVersion "1"]
[SourceVersionDate "2011.11.24"]
[SourceQuality "1"]

1. e4 e5 2. Nf3 Nc6 3. d4 exd4 4. Nxd4 Bc5 5. Be3 Qf6 6. c3 Nge7 7. Be2 d5 8. Bf3 dxe4 9. Bxe4 0-0 10. Qh5 Nf5 11. Bxf5 g6 12. Bxg6 Qxg6 13. Qxc5 Qxg2 14. Qg5+ Qxg5 15. Bxg5 Nxd4 16. cxd4 Re8+ 17. Kd2 Bf5 18. Nc3 c6 19. Rae1 Rxe1 20. Rxe1 Be6 21. Bf6 Kf8 22. Re5 h6 23. Rh5 Ke8 24. Rxh6 Kd7 25. Rh8 Rxh8 26. Bxh8 Ke7 27. Ke3 Kf8 28. Bf6 Kg8 29. h4 Kh7 30. a3 Kg6 31. Bd8 a6 32. Kf4 f6 33. Ne4 f5 34. Ng3 1-0